United States revenue stamps : (Record no. 3488)

000 -LEADER
fixed length control field 00527cam a2200133 a 4500
008 - FIXED-LENGTH DATA ELEMENTS--GENERAL INFORMATION
fixed length control field 840416s1973 ctuaf 000 0 eng
082 00 -
Classification number 769.5/7
Edition number 19
100 1# - MAIN ENTRY--AUTHOR'S NAME
Author's Name Rickerson, Wildey C.
245 10 - TITLE STATEMENT
Title United States revenue stamps :
Remainder of title collect them for profit and pleasure /
Statement of responsibility, etc. Wildey C. Rickerson.
250 ## - EDITION STATEMENT
Edition statement 1st ed.
260 ## - PUBLICATION, DISTRIBUTION, ETC. (IMPRINT)
Place of publication, distribution, etc. Deep River, Conn. :
Name of publisher, distributor, etc. W.C. Rickerson ;
Place of publication, distribution, etc. Chattanooga, Tn. :
Name of publisher, distributor, etc. Can be obtained from Revenue Specialist,
Date of publication, distribution, etc. [1973?]
500 ## - GENERAL NOTE
General note Distributor from label on colophon.
650 #0 - TOPICAL TERM (Tag)
Topical term or geographic name Revenue stamps
Geographic subdivision United States
Holdings
Withdrawn status Lost status Source of classification or shelving scheme Damaged status Koha normalized classification for sorting Not for loan Permanent Location Current Location Shelving location Date acquired Total Checkouts Full call number Barcode Date last seen Price effective from Koha item type
        G3701 R451 R5395   Northern Philatelic Library Northern Philatelic Library General Stacks 02/11/2023   G3701 R451 R5395 1005979 02/11/2023 02/11/2023 Books

Powered by Koha